Communication and persuasion : (Record no. 3367)
[ view plain ]
| 000 -LEADER | |
|---|---|
| fixed length control field | 00776cam a22002411 4500 |
| 001 - CONTROL NUMBER | |
| control field | 0000003491 |
| 005 - DATE AND TIME OF LATEST TRANSACTION | |
| control field | 20170406115051.0 |
| 008 - FIXED-LENGTH DATA ELEMENTS--GENERAL INFORMATION | |
| fixed length control field | 730213s1953 ctua b 000 0 eng |
| 010 ## - LIBRARY OF CONGRESS CONTROL NUMBER | |
| LC control number | 53007776 |
| 035 ## - SYSTEM CONTROL NUMBER | |
| -- | (DLC) 53007776 |
| 040 ## - CATALOGING SOURCE | |
| Original cataloging agency | DLC |
| Transcribing agency | DLC |
| Modifying agency | DLC |
| 050 00 - LIBRARY OF CONGRESS CALL NUMBER | |
| Classification number | P90 |
| Item number | .H69 |
| 082 00 - DEWEY DECIMAL CLASSIFICATION NUMBER | |
| Classification number | 808 |
| 100 1# - MAIN ENTRY--PERSONAL NAME | |
| Personal name | Hovland, Carl Iver, |
| Dates associated with a name | 1912-. |
| 245 10 - TITLE STATEMENT | |
| Title | Communication and persuasion : |
| Remainder of title | psychological studies of opinion change / |
| Statement of responsibility, etc. | by Carl I. Hovland, Irving L. Janis, and Harold H. Kelley. |
| 260 ## - PUBLICATION, DISTRIBUTION, ETC. | |
| Place of publication, distribution, etc. | New Haven : |
| Name of publisher, distributor, etc. | Yale University Press, |
| Date of publication, distribution, etc. | 1953. |
| 300 ## - PHYSICAL DESCRIPTION | |
| Extent | xii, 315 p. : |
| Other physical details | illus. ; |
| Dimensions | 24 cm. |
| 504 ## - BIBLIOGRAPHY, ETC. NOTE | |
| Bibliography, etc. note | Includes bibliographies. |
| 650 #0 - SUBJECT ADDED ENTRY--TOPICAL TERM | |
| Topical term or geographic name entry element | Communication. |
| 650 #0 - SUBJECT ADDED ENTRY--TOPICAL TERM | |
| Topical term or geographic name entry element | Persuasion (Rhetoric) |
| 650 #0 - SUBJECT ADDED ENTRY--TOPICAL TERM | |
| Topical term or geographic name entry element | Psychology, Applied. |
| 908 ## - PUT COMMAND PARAMETER (RLIN) | |
| Put command parameter | 140619 |
| Withdrawn status | Lost status | Source of classification or shelving scheme | Damaged status | Not for loan | Home library | Current library | Shelving location | Date acquired | Total Checkouts | Full call number | Barcode | Date last seen | Copy number | Price effective from | Koha item type |
|---|---|---|---|---|---|---|---|---|---|---|---|---|---|---|---|
| CUZ Harare Campus | CUZ Harare Campus | Open Shelf | 06.04.2017 | P 90 HOV | BK0004013 | 22.05.2025 | CU591 | 06.04.2017 | OS Book |